Central Library OPAC University of Rajshahi

Can you forgive her? / (Record no. 18480)

MARC details
000 -LEADER
fixed length control field 00796nam a2200253 a 4500
001 - CONTROL NUMBER
control field 18480
003 - CONTROL NUMBER IDENTIFIER
rucl marc code BD-RjUL
005 - DATE AND TIME OF LATEST TRANSACTION
control field 20240130113356.0
008 - FIXED-LENGTH DATA ELEMENTS--GENERAL INFORMATION
fixed length control field 140220s19631938enk 000 1 eng
035 ## - SYSTEM CONTROL NUMBER
System control number (BD-RjUL)18538
040 ## - CATALOGING SOURCE
Original cataloging agency DLC
Transcribing agency OYU
Modifying agency OCoLC
-- DLC
-- BD-RjUL
Language of cataloging eng
041 ## - LANGUAGE CODE
Language code of text/sound track or separate title eng
082 ## - DEWEY DECIMAL CLASSIFICATION NUMBER
Classification number 823.8
Author mark and year TRC 1963
100 1# - MAIN ENTRY--PERSONAL NAME
Personal name Trollope, Anthony,
Dates associated with a name 1815-1882.
9 (RLIN) 56940
245 10 - TITLE STATEMENT
Title Can you forgive her? /
Statement of responsibility, etc. By Anthony Trollope.
260 ## - PUBLICATION, DISTRIBUTION, ETC. (IMPRINT)
Place of publication, distribution, etc. London :
Name of publisher, distributor, etc. Oxford University Press, H. Milford,
Date of publication, distribution, etc. 1938, [reprinted1953,1963]
300 ## - PHYSICAL DESCRIPTION
Pagination 511 p. ;
Size 16 cm.
490 0# - SERIES STATEMENT
Series statement The world's classics. 468-469
500 ## - GENERAL NOTE
General note "In 'The world's classics' ... first published in 1938."
650 ## - SUBJECT ADDED ENTRY--TOPICAL TERM
Topical term or geographic name as entry element English fiction
Topical term or geographic name as entry element Man-woman relationships
9 (RLIN) 5240
942 ## - ADDED ENTRY ELEMENTS (KOHA)
Source of classification or shelving scheme Dewey Decimal Classification
Koha item type Books
Holdings
Lost status Source of classification or shelving scheme Damaged status Not for loan Collection code Permanent Location Current Location Shelving location Date acquired Source of acquisition Cost, normal purchase price Total Checkouts Full call number Date last seen Copy number Koha item type
  Dewey Decimal Classification     Fiction Central Library, University of Rajshahi Central Library, University of Rajshahi   03/03/1970 Zeit 18.00   823.8 TRC v-1 1963 20/02/2014 C-3 Books
  Dewey Decimal Classification   Not For Loan Fiction Central Library, University of Rajshahi Central Library, University of Rajshahi Reading Room 27/06/1968 Swets & Zeitlinger 17.60   823.8 TRC V-1 1963 30/01/2024 C-1 Books
  Dewey Decimal Classification     Fiction Central Library, University of Rajshahi Central Library, University of Rajshahi General Stacks 25/10/1954 O.U.P. 4.12   823.8 TRC V-1 1953 30/01/2024 C-2 Books